Online
Catalog

Trujillo en la evolución de las armas nacionales / (Record no. 30151)

MARC details
000 -CABECERA
campo de control de longitud fija 01007nam a2200205 a 4500
001 - NÚMERO DE CONTROL
campo de control 000030659
005 - FECHA Y HORA DE LA ÚLTIMA TRANSACCIÓN
campo de control 20240409073642.0
008 - DATOS DE LONGITUD FIJA--INFORMACIÓN GENERAL
campo de control de longitud fija 110525t1941 dr 000 0dspa d
040 ## - FUENTE DE LA CATALOGACIÓN
Centro catalogador/agencia de origen DO-SdBNP
Lengua de catalogación spa
Centro/agencia transcriptor BNPHU
082 ## - NÚMERO DE LA CLASIFICACIÓN DECIMAL DEWEY
Número de clasificación F-RD 60
049 ## - FONDOS LOCALES (OCLC)
Fondos de biblioteca BNPD
100 1# - ENTRADA PRINCIPAL--NOMBRE DE PERSONA
Nombre de persona Viña, Pablo Jaime
9 (RLIN) 57247
245 10 - MENCIÓN DE TÍTULO
Título Trujillo en la evolución de las armas nacionales /
Mención de responsabilidad, etc. Pablo Jaime Viña.
260 ## - PUBLICACIÓN, DISTRIBUCIÓN, ETC.
Lugar de publicación, distribución, etc. Santiago República Dominicana :
Nombre del editor, distribuidor, etc. Imprenta de L. H. Cruz,
Fecha de publicación, distribución, etc. 1941.
300 ## - DESCRIPCIÓN FÍSICA
Extensión 43 p. ;
Dimensiones 18 cm.
505 0# - NOTA DE CONTENIDO CON FORMATO
Información miscelánea Conferencia pronunciada en los salones de la Junta Comunal del Partido Dominicano en el Seibo, el 15 de agosto de 1940; en el salón de actos del Ayuntamiento de Dajabón, el 19 de enero del 1941 y en la Junta Comunal del Partido Dominicano en Loma de Cabrera, el 9 de febrero del 1941.
600 10 - PUNTO DE ACCESO ADICIONAL DE MATERIA--NOMBRE DE PERSONA
Nombre de persona Trujillo Molina, Rafael Leónidas,
Fechas asociadas al nombre 1891-1961
9 (RLIN) 76764
651 #4 - PUNTO DE ACCESO ADICIONAL DE MATERIA--NOMBRE GEOGRÁFICO
Nombre geográfico República Dominicana
Subdivisión general Fuerzas Armadas
-- Historia
Subdivisión cronológica ERA DE TRUJILLO, 1930-1961
9 (RLIN) 57248
910 ## - DATOS DE OPCIÓN DEL USUARIO (OCLC)
Datos de opción del usuario Validado. Control de calidad EMS.
Holdings
Estado de retiro Estado de pérdida Restricciones de uso No para préstamo Código de colección Localización permanente Ubicación/localización actual Ubicación en estantería Fecha de adquisición Número de inventario Total de préstamos Signatura topográfica completa Código de barras Fecha visto por última vez Precio válido a partir de Tipo de ítem Koha Nota pública
      Excluido de préstamo Raros y valiosos Patrimonio Dominicano Patrimonio Dominicano Depósito 25.05.2011 LF1   F-RD 60 30659-10 25.06.2020 25.06.2020 No se presta Perteneció a la biblioteca personal de Martínez Boog.

Powered by Koha